000
00315nam a22001097a 4500
999
_c
4207
_d
4207
008
250127b ||||| |||| 00| 0 eng d
020
_a
9781848579156
082
_a
629 CAR
100
_a
JAMES CARTER
_e
CARTER,JAMES
245
_a
THE BIG BEYOND
_b
THE STORY OF SPACE TRAVEL
942
_2
ddc
_h
629 CAR